Participantes do Big Brother Brasil 6 - Statistics

Estatísticas Gerais
  • Esse quiz foi jogado 16 vezes
  • A pontuação média é 11 de 14
Estatísticas das Respostas
Colocação Participante % Correto
13º Daniel Costa
100%
Mara Santos
100%
Mariana Felício
100%
Agustinho Mendonça
90%
Inês Gomes
80%
Iran Silva
80%
14º Juliana Canabarro
80%
Carlos Issa
70%
Rafael Valente
70%
11º Roberta Brasil
70%
12º Daniel Saullo
60%
Thaís Cavaleiro
60%
Gustavo Borges
50%
10º Léa Ferreira
50%
Nenhum quiz correspondente encontrado
Distribuição das Pontuações
Porcentagem de Pessoas com Cada Pontuação
Percentil de Números Respondidos
Sua Pontuação Histórica
Você não jogou esse quiz